The drought on Ziax II ; and, The humans of Ziax II / (Запис № 490571)

МАРК-запис
000 -LEADER
fixed length control field 01385cam a2200313Ka 4500
001 - CONTROL NUMBER
control field droughtonziaxiia00morr
003 - CONTROL NUMBER IDENTIFIER
control field CaSfIA
005 - DATE AND TIME OF LATEST TRANSACTION
control field 20210118003215.0
007 - PHYSICAL DESCRIPTION FIXED FIELD--GENERAL INFORMATION
fixed length control field cr||||
008 - FIXED-LENGTH DATA ELEMENTS--GENERAL INFORMATION
fixed length control field 821105r1978uuuunyu j 000 0 eng d
040 ## - CATALOGING SOURCE
Original cataloging agency OPW
Transcribing agency OPW
Modifying agency OCLCQ
-- MUS
-- CaSfIA
020 ## - INTERNATIONAL STANDARD BOOK NUMBER
International Standard Book Number 0590303821
020 ## - INTERNATIONAL STANDARD BOOK NUMBER
International Standard Book Number 9780590303828
035 ## - SYSTEM CONTROL NUMBER
System control number (OCoLC)8924402
090 ## - LOCALLY ASSIGNED LC-TYPE CALL NUMBER (OCLC); LOCAL CALL NUMBER (OCLC)
Classification number (OCLC) (R) ; Classification number, CALL (RLIN) (NR) PZ7.M82714
Local cutter number (OCLC) ; Book number/undivided call number, CALL (RLIN) Hu 1978
029 1# - (OCLC)
OCLC library identifier AU@
System control number 000013852411
029 1# - (OCLC)
OCLC library identifier AU@
System control number 000013502568
100 1# - MAIN ENTRY--PERSONAL NAME
Personal name Morressy, John.
245 14 - TITLE STATEMENT
Title The drought on Ziax II ; and, The humans of Ziax II /
Medium [electronic resource]
Statement of responsibility, etc by John Morressy ; illustrated by Stanley Skardinski.
260 ## - PUBLICATION, DISTRIBUTION, ETC. (IMPRINT)
Place of publication, distribution, etc New York :
Name of publisher, distributor, etc Scholastic,
Date of publication, distribution, etc 1978,1974.
300 ## - PHYSICAL DESCRIPTION
Extent 55 p., 49 p. ;
Dimensions 20 cm.
500 ## - GENERAL NOTE
General note Second title starts at the back of the book.
506 ## - RESTRICTIONS ON ACCESS NOTE
Standardized terminology for access restriction Необхідна авторизація на https://archive.org/ (створення облікового запису безкоштовно)
506 ## - RESTRICTIONS ON ACCESS NOTE
Standardized terminology for access restriction Необхідна авторизація на https://openlibrary.org/ (створення облікового запису безкоштовно)
740 01 - ADDED ENTRY--UNCONTROLLED RELATED/ANALYTICAL TITLE
Uncontrolled related/analytical title Humans of Ziax II.
856 41 - ELECTRONIC LOCATION AND ACCESS
Uniform Resource Identifier <a href="http://www.archive.org/details/droughtonziaxiia00morr">http://www.archive.org/details/droughtonziaxiia00morr</a>
Public note Free eBook from the Internet Archive
856 42 - ELECTRONIC LOCATION AND ACCESS
Uniform Resource Identifier <a href="http://www.openlibrary.org/books/OL24376086M">http://www.openlibrary.org/books/OL24376086M</a>
Public note Additional information and access via Open Library
942 ## - ADDED ENTRY ELEMENTS (KOHA)
Koha item type ЕКнига

Немає доступних примірників.